000 00309nam a22001097a 4500
082 _a954/SAS
100 _aSastri,k.a.nilkanta and ramanna,h.s.
_983979
245 _aHistorical method in relation to indian history
260 _aNew delhi
_bCosmo publication
_c2019
650 _aIndian history
_9227
942 _cBK
999 _c68997
_d68997